Weintraub v London Borough of Hackney (Record no. 121995)
[ view plain ]
| 000 -LEADER | |
|---|---|
| fixed length control field | 01047naa a22001937a 4500 |
| 007 - PHYSICAL DESCRIPTION FIXED FIELD--GENERAL INFORMATION | |
| fixed length control field | c| aa aaaaa |
| 008 - FIXED-LENGTH DATA ELEMENTS--GENERAL INFORMATION | |
| fixed length control field | 240912e20240416xxk||||osv|||o00| 0 eng d |
| 041 ## - LANGUAGE CODE | |
| Language code of text/sound track or separate title | eng |
| 245 ## - TITLE STATEMENT | |
| Title | Weintraub v London Borough of Hackney |
| 260 ## - PUBLICATION INFORMATION | |
| Place of publication | [2024] EWHC 845 (Ch), |
| Publisher | Chancery Division, |
| Date | 16 April 2024 |
| 520 ## - ABSTRACT | |
| Abstract | On 21 March 2024, Mr Justice Zacarroli delivered a judgment in the ChD. An individual who had a secure tenancy of a council flat wanted to exercise their right to buy under the Housing Act 1985 s.118 after not being in residence for a long period, their intention to return to the property as their only home, even though that was to happen only once they had exercised their right to buy the property, was sufficient to satisfy the tenant condition in s.81. |
| 650 ## - KEYWORDS | |
| Keywords | HOUSING ACT 1985 |
| 650 ## - KEYWORDS | |
| Keywords | LANDLORD AND TENANT |
| 650 ## - KEYWORDS | |
| Keywords | RIGHT TO BUY |
| 650 ## - KEYWORDS | |
| Keywords | JUDGMENT |
| 651 ## - SUBJECT ADDED ENTRY--GEOGRAPHIC NAME | |
| Geographic name | United Kingdom |
| 690 ## - LOCAL SUBJECT ADDED ENTRY--TOPICAL TERM (OCLC, RLIN) | |
| Topical term or geographic name as entry element | Landlord and tenant |
| 9 (RLIN) | 6252 |
| 856 ## - ONLINE RESOURCE | |
| Uniform Resource Identifier | https://www.bailii.org/ew/cases/EWHC/Ch/2024/845.html |
| Public note | Available from BAILII |
| Withdrawn status | Lost status | Damaged status | Koha normalized classification for sorting | Not for loan | Home library | Current library | Shelving location | Date acquired | Total Checkouts | Full call number | Date last seen | Price effective from | Koha item type |
|---|---|---|---|---|---|---|---|---|---|---|---|---|---|
| ONLINE_JUDGMENT | Virtual | Virtual | Online | 12/09/2024 | ONLINE JUDGMENT | 12/09/2024 | 12/09/2024 | Law report |